ბათუმის შოთა რუსთაველის სახელმწიფო უნივერსიტეტის ბიბლიოთეკა

მენეჯმენტის საფუძვლები : (ბიბ.ჩანაწერი № 49263)

000 -ლიდერი
ფიქსირებული სიგრძის საკონტროლო ველი 01492nam a2200265Ia 4500
001 - საკონტროლო ნომერი
საკონტროლო ველი 16177
003 - საკონტროლო ნომრის იდენტიფიკატორი
საკონტროლო ველი GE_BSU
005 - ბოლო ოპერაციის თარიღი და დრო
საკონტროლო ველი 20211210135437.0
008 - ფიქსირებული სიგრძის მონაცემთა ელემენტები - ზოგადი ინფორმაცია
ფიქსირებული სიგრძის საკონტროლო ველი 181216s2014ge xx |||||||||||||| ||geo||
020 ## - წიგნის საერთაშორისო სტანდარტული ნომერი
International Standard Book Number 9789941070754
040 ## - კატალოგიზაციის წყარო
Transcribing agency GE_BSU
041 ## - ენის კოდი
Language code of text/sound track or separate title geo
080 ## - უნივერსალური ათობითი კლასიფიკაციის ინდექსი
Universal Decimal Classification number 005(075.8) მ-48
100 ## - მთავარი ჩანაწერი - პიროვნების სახელი
Personal name მაჭავარიანი, შ. (შალვა)
9 (RLIN) 13257
245 ## - ცნობა სათაურის შესახებ
Title მენეჯმენტის საფუძვლები :
Remainder of title თეორიები, კონცეფციები და პრაქტ. მიდგომები /
Statement of responsibility, etc შალვა მაჭავარიანი ; მთ. რედ. ვახტანგ სართანია
264 ## - წარმოების, გამოცემის, დისტრიბუციის და სხვა ცნობები
გამოცემის, წარმოების, დისტრიბუციის... ადგილი თბილისი :
გამოცემის, წარმოების, დისტრიბუციის... სახელწოდება საპატრიარქოს სტ. შპს "მეგობრობა",
გამოცემის, წარმოების, დისტრიბუციის... თარიღი 2014.
300 ## - ფიზიკური აღწერა
Extent 604 გვ. :
Other physical details ნახ. ;
Dimensions 28 სმ.
500 ## - ზოგადი შენიშვნა
General note Fundamenaes of management : theories, concepts and practical approaches. ENG
Основы менеджмента : теории, концепции и практические подходы. RUS
501 ## - შენიშვნა თანმხლებ მასალაზე
With note ტერმინის განმარტება: გვ. 524-602.
504 ## - BIBLIOGRAPHY, ETC. NOTE
Bibliography, etc ბიბლიოგრ.: გვ. 122-123.
653 ## - INDEX TERM--UNCONTROLLED
Uncontrolled term მენეჯმენტი
653 ## - INDEX TERM--UNCONTROLLED
Uncontrolled term სახელმძღვანელო
700 ## - ADDED ENTRY--PERSONAL NAME
Personal name სართანია, ვახტანგ
Relator term მთავარი რედაქტორი
9 (RLIN) 13258
942 ## - ADDED ENTRY ELEMENTS (KOHA)
Koha item type წიგნი
Source of classification or shelving scheme
ეგზემპლარები
ჩამოწერის სტატუსი დაკარგული ეგზემპლარის სტატუსი კლასიფიკაციის წყარო ან თაროზე გაწყობის სქემა დაზიანების სტატუსი არ გაიცემა მუდმივი მდებარეობა (დაცვის ადგილი) ამჟამინდელი ადგილსამყოფელი თაროზე განთავსების ადგილი შეძენის თარიღი ღირებულება, შესყიდვის ნორმალური ფასი სრული შენახვის შიფრი შტრიხკოდი ბოლო ოპერაციის თარიღი ეგზემპლარის მიმდევრობითი ნომერი (კეტერი?) ფასის ძალაში შესვლის თარიღი ეგზემპლარის სახეობა საჯარო შენიშვნა
          ბათუმის შოთა რუსთაველის სახელმწიფო უნივერსიტეტის მთავარი ბიბლიოთეკა ბათუმის შოთა რუსთაველის სახელმწიფო უნივერსიტეტის მთავარი ბიბლიოთეკა წიგნსაცავი 2018-12-17 15.00 005(075.8) მ-48 39826 2018-12-17 39826 2018-12-17 წიგნი 15.00
          ბათუმის შოთა რუსთაველის სახელმწიფო უნივერსიტეტის მთავარი ბიბლიოთეკა ბათუმის შოთა რუსთაველის სახელმწიფო უნივერსიტეტის მთავარი ბიბლიოთეკა წიგნსაცავი 2021-12-10 9.00 005(075.8) მ-48 00333 ქსეროქსი 2021-12-10 00333 ქსეროქსი 2021-12-10 წიგნი 9ლ.75თ.
          ბათუმის შოთა რუსთაველის სახელმწიფო უნივერსიტეტის მთავარი ბიბლიოთეკა ბათუმის შოთა რუსთაველის სახელმწიფო უნივერსიტეტის მთავარი ბიბლიოთეკა წიგნსაცავი 2021-12-10 9.00 005(075.8) მ-48 00334 ქსეროქსი 2021-12-10 00334 ქსეროქსი 2021-12-10 წიგნი 9ლ.75თ.